[Event "European Blitz-ch 2018"]
[Site "Skopje"]
[Date "2018.12.06"]
[Round "1"]
[White "Jovanovic, Zoran"]
[Black "Sadiku, Bedri"]
[Result "1-0"]
[WhiteElo "2518"]
[BlackElo "2237"]
[Annotator "TA"]
[PlyCount "43"]
[EventDate "2018.12.06"]
[EventType "swiss"]
[EventCountry "MKD"]
[SourceTitle "playchess.com"]
[Source "ChessBase"]
[SourceQuality "1"]

{[%evp 19,43,8,15,-24,21,-18,116,116,125,136,113,76,72,58,66,58,60,74,79,70,60,59,122,50,54,57]} 1. e4 c5 2. Nc3 e6 3. Nge2 a6 4. g3 d6 5. Bg2 Nc6 6. O-O {B23: Closed Sicilian: Lines without g3} (6. d4 cxd4 7. Nxd4 Bd7 8. O-O Be7 9. Nxc6 Bxc6 10. Qg4 h5 11. Qe2 h4 12. a4 hxg3 13. hxg3 Qa5 14. Bf4 Qh5 15. Qxh5 Rxh5 16. Bf3 {0-1 (36) Al Modiahki,M (2542)-Quparadze,G (2506) Riadh 2017}) 6... Nge7 7. d3 g6 8. Be3 Bg7 9. d4 cxd4 10. Nxd4 O-O {LiveBook: 14 Games} 11. Qd2 Qc7 12. Rad1 Rd8 (12... Ne5 $1 $11 {remains equal.}) 13. Nxc6 $16 bxc6 14. Na4 Rb8 15. c4 Rd7 $146 16. Bf4 {[#] And now c5 would win.} e5 17. Bg5 f6 18. Be3 c5 19. Nc3 Bb7 20. Bh3 {[#] aiming for Be6+.} Rdd8 (20... f5 $14) 21. Be6+ ({White should try} 21. f4 $16) 21... Kh8 $14 22. b3 {Accuracy: White = 56%, Black = 54%.} 1-0

[Event "European Blitz-ch 2018"]
[Site "Skopje"]
[Date "2018.12.06"]
[Round "1"]
[White "Ruck, Robert"]
[Black "Poznyak, Nazar"]
[Result "1-0"]
[WhiteElo "2512"]
[BlackElo "2181"]
[Annotator "TA"]
[PlyCount "47"]
[EventDate "2018.12.06"]
[EventType "swiss"]
[EventCountry "MKD"]
[SourceTitle "playchess.com"]
[Source "ChessBase"]
[SourceQuality "1"]

{[%evp 29,47,92,102,102,182,186,199,182,315,130,133,130,126,124,118,126,112,112,1146,1150]} 1. Nf3 Nf6 2. c4 e6 3. Nc3 b6 4. g3 Bb7 5. Bg2 c5 6. O-O Be7 7. Re1 O-O 8. e4 d6 9. d4 cxd4 10. Nxd4 Qc8 11. Be3 Na6 {A30: Symmetrical English: Double Fianchetto and Hedgehog} 12. f4 Nc5 13. Bf2 a6 14. Rc1 Rd8 (14... g6 15. b4 Ncd7 16. b5 h5 17. Nc6 Bxc6 18. bxc6 Nc5 19. Bxc5 bxc5 {½-½ (41) Malakhov,V (2703)-Korobov,A (2674) Sochi 2016}) 15. b4 Ncd7 {LiveBook: 3 Games} 16. g4 {[%cal Bg3g4,Bg4g5][%mdl 32]} Qc7 (16... Ne8 $16 {was worth a try.}) 17. g5 $18 Ne8 18. Qg4 $146 {And now Nxe6! would win.} ({Predecessor:} 18. f5 Bxg5 19. fxe6 Ne5 {½-½ (79) Fischer,R (2175)-Dahlheimer,B Germany 2005}) 18... g6 {[#]} (18... Nf8 {was necessary.} 19. f5 Qd7) 19. h4 (19. Nxe6 $1 $18 {[%mdl 512] and the rest is easy.} fxe6 20. Qxe6+ {[%mdl 64] Double Attack} Kf8 21. Nd5 Bxd5 22. exd5) 19... Ng7 $16 20. Nd5 exd5 21. cxd5 {[%cal Bc4d5,Bd5c6][%mdl 32]} Qb8 22. Nc6 Bxc6 23. dxc6 {[#] aiming for c7.} f5 $2 {[%mdl 8192]} (23... Nc5 $16) 24. exf5 {[%mdl 64] Discovered Attack (Double check)} 1-0

[Event "European Blitz-ch 2018"]
[Site "Skopje"]
[Date "2018.12.06"]
[Round "1"]
[White "Blagojevic, Dragisa"]
[Black "Varvadoukas, Theodoros"]
[Result "1-0"]
[WhiteElo "2497"]
[BlackElo "2164"]
[Annotator "TA"]
[PlyCount "75"]
[EventDate "2018.12.06"]
[EventType "swiss"]
[EventCountry "MKD"]

{[%evp 19,75,73,85,82,109,79,88,57,74,58,94,100,102,75,120,126,117,127,148,150,161,154,193,158,185,185,229,172,168,168,172,160,277,25,399,144,336,298,312,219,235,81,436,432,491,444,542,533,506,408,1254,1189,29990,29991,29994,29995,29995,29996]} 1. d4 Nf6 2. c4 c5 3. d5 b5 4. Nf3 g6 5. cxb5 a6 6. e3 Bg7 7. Nc3 O-O 8. a4 d6 9. e4 Nbd7 10. h3 {A57: Benko/Volga Gambit} Re8 {LiveBook: 3 Games} (10... Qa5 11. Bd2 Qb4 12. Qc2 Bb7 13. b3 Nb6 14. Rb1 axb5 15. Bd3 c4 16. bxc4 Qc5 17. Rxb5 Qc7 18. Qb1 Qd8 {1-0 (18) Volkov,S (2613)-Akshayraj,K (2508) Abu Dhabi 2013}) 11. Be3 $146 ({Predecessor:} 11. Be2 axb5 12. Bxb5 Qa5 13. O-O Ba6 14. Bd2 Reb8 15. Re1 Qd8 16. Qc2 Nb6 17. b3 Nfd7 {0-1 (50) Turova,I (2422)-Herrera Reyes,J (2324) Santa Cruz de La Palma 2018}) 11... Qa5 {[#] And now ...Nxe4 would win.} 12. Bd2 {White is better.} Qc7 13. Be2 axb5 14. Bxb5 Ba6 15. O-O Reb8 16. Qe2 Bxb5 17. Nxb5 Qb7 18. Bc3 Nb6 {[#]} 19. b3 $1 h6 20. Nd2 Qd7 21. Nc4 Nxc4 22. bxc4 ({Don't take} 22. Qxc4 Nh5 $16) 22... Ra6 23. a5 Nh5 24. Bxg7 Kxg7 25. e5 Qf5 (25... Nf4 $16 {was called for.} 26. Qe4 g5) 26. Rfe1 $2 (26. exd6 $18 exd6 27. Qe7) 26... Qg5 $2 {[%mdl 8192]} (26... Nf4 $11 27. Qf3 dxe5) 27. Qg4 $2 (27. exd6 $18 {is more deadly.} exd6 28. Nc7) 27... Qd2 $2 (27... dxe5 $16 28. Qxg5 hxg5 29. Rxe5 Kf8 30. Rxg5 Nf6) 28. Re2 Qb4 29. exd6 exd6 30. Rae1 $2 (30. Re7 $18 {and White stays clearly on top.} Kg8 31. g3) 30... Rxa5 $2 {[%mdl 8192]} (30... Nf6 $16 {is a better chance.} 31. Qg3 Rxb5 32. cxb5 Qxb5) 31. Nxd6 $18 Nf6 32. Qg3 Ra3 33. Nf5+ Kh7 34. Qe5 Rb6 (34... Qb6 $142 35. d6 Qd8) 35. d6 Qc3 36. Qe7 {White mates.} Qxc4 37. Qxf6 {[%csl Gf5][%cal Rf6g7]} gxf5 38. Re8 {Precision: White = 39%, Black = 29%.} 1-0

[Event "European Blitz-ch 2018"]
[Site "Skopje"]
[Date "2018.12.06"]
[Round "1"]
[White "Pancevski, Filip"]
[Black "Maloberti, David"]
[Result "1-0"]
[WhiteElo "2495"]
[BlackElo "2122"]
[Annotator "TA"]
[PlyCount "67"]
[EventDate "2018.12.06"]
[EventType "swiss"]
[EventCountry "MKD"]
[SourceTitle "playchess.com"]
[Source "ChessBase"]
[SourceQuality "1"]

{[%evp 24,67,13,21,41,36,43,28,54,58,110,42,47,52,36,44,74,31,98,99,98,73,94,96,94,84,82,84,124,78,154,145,195,181,372,442,404,343,610,608,993,987,958,931,29986,29987]} 1. Nf3 Nf6 2. g3 g6 3. Bg2 Bg7 4. c4 O-O 5. O-O d6 6. Nc3 Nc6 7. Rb1 e5 8. b4 {[%cal Bb2b4,Bb4b5][%mdl 32]} Be6 9. d3 h6 10. b5 Ne7 11. Nd2 Qc8 {A26: English Opening vs King's Indian with ...Nc6 and d3} 12. Re1 (12. a4 Bh3 13. Bb2 Bxg2 14. Kxg2 Kh7 15. Nf3 c5 16. bxc6 Qxc6 17. Qb3 g5 {0-1 (56) Nepomniachtchi,I (2705)-Nakamura,H (2816) Baku 2015}) 12... Bh3 13. Bh1 {[#] LiveBook: 6 Games} c6 $146 {The position is equal.} ({Predecessor:} 13... Ng4 14. Nd5 Nxd5 15. cxd5 a6 16. b6 cxb6 17. Ba3 Qd8 18. Ne4 f5 19. Nxd6 {1-0 (64) Andriasian,Z (2611)-Ganguly,S (2619) Dubai 2014}) 14. bxc6 bxc6 15. Ba3 {[%cal Bc1a3,Ba3b4,Bb4a5][%mdl 32]} Qc7 16. Qa4 Rac8 (16... Bd7 $14) 17. Qa6 ({White should try} 17. Nde4 $16) 17... Rb8 $14 18. Nde4 Nxe4 19. Nxe4 Rfd8 20. Bb4 (20. Bg2 {looks sharper.} Be6 21. Bb4 Rd7 22. Qa3 c5 23. Ba5) 20... Rd7 (20... f5 $14 21. Bxd6 Rxd6 22. Nxd6 Qxd6) 21. Qa3 $16 {[%cal Rb4d6]} c5 22. Ba5 Qc8 23. Rxb8 Qxb8 24. Nc3 f5 25. Rb1 $36 {[%cal Be1b1,Bb1b3,Bb3b8][%mdl 2080] White is on the roll.} Qf8 26. Rb3 f4 {[#]} (26... Kh7 $142) 27. Qb2 $1 fxg3 28. hxg3 h5 $2 (28... Kh7 {was called for.} 29. Rb8 Qf7) 29. Rb8 $18 Nc8 30. Bc6 Rf7 $2 {[#]} (30... Re7 31. Ne4 Be6 32. Nxd6 {[%mdl 64] Pin} e4) 31. Bd5 Kh7 32. Bxf7 Qxf7 33. Ne4 h4 34. Ng5+ {[%mdl 64] Double Attack. Accuracy: White = 75%, Black = 12%.} 1-0

[Event "European Blitz-ch 2018"]
[Site "Skopje"]
[Date "2018.12.06"]
[Round "1"]
[White "Dvirnyy, Danyyil"]
[Black "Gajcin, Marina"]
[Result "1-0"]
[WhiteElo "2485"]
[BlackElo "2244"]
[Annotator "TA"]
[PlyCount "59"]
[EventDate "2018.12.06"]
[EventType "swiss"]
[EventCountry "MKD"]
[SourceTitle "playchess.com"]
[Source "ChessBase"]
[SourceQuality "1"]

{[%evp 20,59,40,41,67,60,75,79,64,41,32,34,37,33,71,77,76,51,131,128,120,71,67,67,63,48,52,51,80,82,77,93,82,5,202,5,254,224,520,376,608,607]} 1. Nf3 Nf6 2. c4 g6 3. b3 Bg7 4. Bb2 O-O 5. g3 c6 6. Bg2 d5 7. O-O Bf5 8. d3 Qc8 9. Nbd2 Bh3 10. Rc1 Bxg2 {A11: English Opening: 1...c6} 11. Kxg2 {LiveBook: 14 Games} Nbd7 $146 (11... Qd8 12. b4 Nbd7 13. a4 e6 14. Qb3 Re8 15. Rfd1 Rc8 16. Qa2 Bf8 17. b5 e5 18. cxd5 cxd5 19. Rxc8 Qxc8 {0-1 (68) Cordova,E (2609)-Delgado Ramirez,N (2619) Batumi 2018}) 12. cxd5 Nxd5 {White is slightly better.} 13. Bxg7 Kxg7 14. Qc2 e5 15. Qb2 f6 16. d4 {[%cal Rd4e5,Bd3d4,Bd4d5][%mdl 32]} Re8 17. e4 N5b6 18. d5 c5 (18... Nb8 $14) 19. b4 $16 Qc7 20. Rc2 Qd6 21. a3 $36 {[%cal Ba2a3,Ba3b4][%mdl 2080] White has the initiative.} Rec8 22. Rfc1 cxb4 23. axb4 Qf8 24. Rc7 Rxc7 25. Rxc7 Rb8 26. Nb3 ({White should try} 26. Ne1 $16) 26... Kg8 $2 {[#]} (26... Qxb4 $11 {and Black is okay.} 27. Qa2 Kh8) 27. Nfd2 $2 (27. Nc5 $18 Qd6 28. Rxb7 (28. Ne6 Nf8 $16)) 27... Na4 $2 (27... Qxb4 $11 28. Qa1 f5) 28. Qc2 $18 Ndb6 $2 (28... Nab6 {was necessary.} 29. Nc5 Qd6 30. Nxb7 Qxb4) 29. Na5 Rd8 $2 (29... Qxb4 30. d6 (30. Rxb7 Rxb7 31. Nxb7 Qc3 $14) (30. Nxb7 Na8 $18) 30... Qb2) 30. Nxb7 {Accuracy: White = 59%, Black = 27%.} 1-0

[Event "European Blitz-ch 2018"]
[Site "Skopje"]
[Date "2018.12.06"]
[Round "1"]
[White "Jirovsky, Milos"]
[Black "Agafonov, Yuri Dr"]
[Result "1-0"]
[WhiteElo "2448"]
[BlackElo "2118"]
[Annotator "TA"]
[PlyCount "68"]
[EventDate "2018.12.06"]
[EventType "swiss"]
[EventCountry "MKD"]
[SourceTitle "playchess.com"]
[Source "ChessBase"]
[SourceQuality "1"]

{[%evp 13,68,2,37,33,53,35,60,20,18,-4,-9,-67,-68,-108,-119,-118,-87,-196,-157,-183,-183,-175,-185,-347,-362,-339,-182,-216,-168,-325,-324,-283,-136,-207,-178,-242,-220,-243,-253,-239,-62,-107,-95,-264,-227,-219,-225,-393,-391,-635,-454,-453,-436,-461,577,-904,530]} 1. Nf3 Nf6 2. c4 e6 3. g3 d5 4. Bg2 a6 5. b3 b5 (5... Be7 6. O-O O-O 7. Bb2 b5 8. d3 Bb7 9. Nbd2 Nbd7 10. cxd5 Nxd5 11. a3 {0-1 (40) Agrest,E (2593)-Wojtaszek,R (2749) Tallinn 2016}) 6. O-O {A13: English Opening: 1...e6} Bb7 7. Bb2 c5 {LiveBook: 4 Games} 8. cxd5 {White is slightly better.} exd5 {[%cal Be6d5,Bd5d4][%mdl 32]} 9. a4 $146 ({Predecessor:} 9. Bxf6 Qxf6 10. d4 Nc6 11. e3 cxd4 12. Nxd4 Nxd4 13. exd4 {1-0 (40) Gajewski,G (2621)-Khismatullin,D (2617) St Petersburg 2016}) 9... Be7 10. d3 O-O 11. Nbd2 Nc6 12. Qb1 (12. Ne5 $11) 12... d4 $15 13. Rc1 Nd5 14. Ne4 Qb6 15. Nfd2 (15. Nh4 $17) 15... Rfd8 16. axb5 axb5 17. Rxa8 Bxa8 (17... Rxa8 18. Nxc5 Nc3 19. Bxc3) 18. Qc2 $2 (18. Nf3) 18... Ncb4 $19 19. Qd1 Bb7 (19... f5 $142 20. Ra1 Bb7) 20. Nf3 Na2 21. Rc2 $2 (21. Ra1 Nab4 22. Ba3) 21... Ndb4 22. Rd2 Ra8 (22... f5 $19 {and Black stays clearly on top.} 23. Neg5 h6) 23. h4 (23. e3 $17 {might work better.} f5 24. exd4 fxe4 25. dxc5 Qxc5 26. dxe4) 23... h6 {Strongly threatening ...f5.} 24. g4 (24. e3 $142 f5 25. exd4 fxe4 26. dxc5 Qxc5 27. dxe4) 24... Bd5 25. g5 Qe6 26. Qf1 h5 $2 ({Stronger than} 26... Bxb3 27. Bxd4 $1 {[%mdl 512]} cxd4 28. Nxd4 $11) ({Black should play} 26... Bxe4 $19 27. dxe4 hxg5 28. hxg5 Nc3) 27. Bh3 Qc6 28. Qd1 $2 (28. Bg2 $17) 28... Bxe4 29. dxe4 {[#]} Nc3 $1 {[%cal Rc3d1]} ({Don't take} 29... Qxe4 30. Nxd4 cxd4 31. Bg2 $17) 30. Qf1 $2 (30. Qc1 Nxe4 31. Rd1) 30... Nxe4 31. Bc1 $2 (31. Nxd4 cxd4 32. Bg2) 31... Bf8 32. Bg2 Qe6 33. Bh3 Qg4+ $4 {[%mdl 8192]} (33... Qd6 $19 {and all is fine.} 34. Rd1 Nc3) 34. Kh2 $4 {[%mdl 8192]} (34. Bxg4 $18 hxg4 35. Ne5) 34... g6 $4 {[%mdl 8192] Accuracy: White = 23%, Black = 33%.} (34... Bd6+ $19 {and life is good for Black.} 35. Kh1 {[#]} Nxf2+ $1 {[%mdl 576] Deflection} 36. Qxf2 Qxh3+ 37. Nh2 Ra1) 1-0

[Event "European Blitz-ch 2018"]
[Site "Skopje"]
[Date "2018.12.06"]
[Round "1"]
[White "Tsolakidou, Stavroula"]
[Black "Nenezic, Marko"]
[Result "0-1"]
[WhiteElo "2387"]
[BlackElo "2515"]
[Annotator "ChessBase"]
[PlyCount "88"]
[EventDate "2018.12.06"]
[EventType "swiss"]
[EventCountry "MKD"]
[SourceTitle "playchess.com"]
[Source "ChessBase"]
[SourceQuality "1"]
[TimeControl "180+2"]

1. e4 {[%emt 0:00:00]} c5 {[%emt 0:00:01]} 2. Nf3 {[%emt 0:00:00]} Nc6 {[%emt 0:00:02]} 3. Bb5 {[%emt 0:00:02]} Nf6 {[%emt 0:00:03]} 4. Bxc6 {[%emt 0:00:08]} dxc6 {[%emt 0:00:02]} 5. d3 {[%emt 0:00:01]} Qc7 {[%emt 0:00:02]} 6. h3 {[%emt 0:00:06]} e5 {[%emt 0:00:03]} 7. Nc3 {[%emt 0:00:12]} h6 {[%emt 0:00:04]} 8. Be3 {[%emt 0:00:05]} Be6 {[%emt 0:00:05]} 9. Qe2 {[%emt 0:00:25]} Be7 {[%emt 0:00:09]} 10. a4 {[%emt 0:00:09]} g5 {[%emt 0:00:23]} 11. Nd2 {[%emt 0:00:12]} Rg8 {[%emt 0:00:40]} 12. a5 {[%emt 0:00:43]} h5 {[%emt 0:00:15]} 13. g3 {[%emt 0:00:21]} g4 {[%emt 0:00:12]} 14. h4 {[%emt 0:00:01]} Nd7 {[%emt 0:00:06]} 15. Nc4 {[%emt 0:00:14]} Nf8 {[%emt 0:00:18]} 16. Nd1 {[%emt 0:00:20]} f5 {[%emt 0:00:26]} 17. exf5 {[%emt 0:00:02]} Bd5 {[%emt 0:00:01]} 18. Rg1 {[%emt 0:00:05]} O-O-O {[%emt 0:00:14]} 19. Bh6 {[%emt 0:00:11]} Nd7 {[%emt 0:00:06]} 20. Nc3 {[%emt 0:00:02]} Bf3 {[%emt 0:00:02]} 21. Qe3 {[%emt 0:00:01]} Rde8 {[%emt 0:00:15]} 22. Kd2 {[%emt 0:00:01]} Bf8 {[%emt 0:00:05]} 23. Bxf8 {[%emt 0:00:02]} Rgxf8 {[%emt 0:00:01]} 24. Qg5 {[%emt 0:00:03]} Nf6 {[%emt 0:00:03]} 25. Rae1 {[%emt 0:00:03]} e4 {[%emt 0:00:06]} 26. dxe4 {[%emt 0:00:07]} Nxe4+ {[%emt 0:00:00]} 27. Nxe4 {[%emt 0:00:01]} Bxe4 {[%emt 0:00:01]} 28. f6 {[%emt 0:00:06]} Bd5 {[%emt 0:00:02]} 29. Ne3 {[%emt 0:00:07]} Qxa5+ {[%emt 0:00:01]} 30. Kc1 {[%emt 0:00:02]} Qa1+ {[%emt 0:00:01]} 31. Kd2 {[%emt 0:00:01]} Qa5+ {[%emt 0:00:01]} 32. c3 {[%emt 0:00:02]} Be4 {[%emt 0:00:02]} 33. Rd1 {[%emt 0:00:03]} Rd8+ {[%emt 0:00:02]} 34. Ke1 {[%emt 0:00:02]} Rxd1+ {[%emt 0:00:01]} 35. Nxd1 {[%emt 0:00:01]} Qb5 {[%emt 0:00:03]} 36. Qe3 {[%emt 0:00:06]} Qc4 {[%emt 0:00:01]} 37. Qf4 {[%emt 0:00:04]} Qe6 {[%emt 0:00:01]} 38. Qe3 {[%emt 0:00:01]} Rxf6 {[%emt 0:00:01]} 39. Kd2 {[%emt 0:00:01]} Rf3 {[%emt 0:00:02]} 40. Qg5 {[%emt 0:00:02]} Qd6+ {[%emt 0:00:02]} 41. Kc1 {[%emt 0:00:01]} Qd3 {[%emt 0:00:01]} 42. Qg8+ {[%emt 0:00:01]} Kc7 {[%emt 0:00:00]} 43. Qg7+ {[%emt 0:00:01]} Kb6 {[%emt 0:00:01]} 44. Ne3 {[%emt 0:00:04]} Qb1+ {[%emt 0:00:01]} 0-1

[Event "European Blitz-ch 2018"]
[Site "Skopje"]
[Date "2018.12.06"]
[Round "1"]
[White "Molenda, Marcin"]
[Black "Georgiev, Kiril"]
[Result "0-1"]
[WhiteElo "2383"]
[BlackElo "2595"]
[Annotator "TA"]
[PlyCount "45"]
[EventDate "2018.12.06"]
[EventType "swiss"]
[EventCountry "MKD"]
[SourceTitle "playchess.com"]
[Source "ChessBase"]
[SourceQuality "1"]

{[%evp 12,45,7,11,62,12,75,69,72,78,73,67,102,47,41,12,45,24,24,-18,0,4,108,0,6,-5,0,-506,-219,-237,-197,-352,-343,-377,-369,-364]} 1. d4 Nf6 2. c4 e6 3. Nf3 b6 4. g3 Ba6 5. Qc2 b5 (5... Bb7 6. Bg2 Be7 7. Nc3 d5 8. cxd5 exd5 9. O-O Na6 10. Qa4+ Qd7 11. Qb3 O-O 12. Ne5 Qe6 13. Bg5 Rad8 {1-0 (35) Ponkratov,P (2622)-Bosiocic,M (2600) Biograd 2018}) 6. b3 {E15: Queen's Indian: 4 g3 sidelines, 4 g3 Ba6 and 4 g3 Bb7 early deviations} bxc4 7. bxc4 {LiveBook: 7 Games} Nc6 (7... Bb7 $11) 8. Bg2 {White is slightly better.} Bb4+ (8... Rb8 $11) 9. Nbd2 $16 O-O 10. O-O Rb8 11. e4 $146 ({Predecessor:} 11. Bb2 d5 12. cxd5 Qxd5 13. Nb3 Qb5 {½-½ (54) Thingstad,E (1973)-Tofte,S (2099) Oslo 2008}) 11... d6 12. Qa4 (12. Rb1 $16) 12... Rb6 $1 $14 13. d5 Ne7 14. dxe6 fxe6 15. Nd4 (15. Rb1 $5 {[%cal Rb1b4]} Bxd2 16. Rxb6 (16. Bxd2 Qe8 $11) 16... axb6 17. Nxd2 $11) 15... Qc8 {[#] White must now prevent ...Bc3.} 16. Bh3 Kh8 (16... Qe8 $11 {remains equal.} 17. Bxe6+ Kh8 18. Qxe8 Rxe8) 17. Bxe6 ({White should play} 17. Nxe6 $16 {And now Rb1 would win.} Bb7 18. Qc2 (18. Qxa7 Nc6 $11)) 17... Qe8 18. Qxe8 Rxe8 19. f3 $2 {[%mdl 8192]} (19. Nb5 $11 {and White has nothing to worry.}) 19... Bc3 (19... Bc5 $142 20. N2b3 {[#]} Rxb3 $1 {[%mdl 576] Remove Defender} 21. axb3 Bxd4+ 22. Be3 Bxe3+ 23. Kg2 Bb7) 20. N2b3 Nc6 21. Be3 $2 (21. Nxc6 Rxc6 22. Bd5 Nxd5 23. cxd5 Bxf1 24. dxc6) 21... Nxd4 $19 22. Nxd4 Bxa1 23. Rxa1 {Accuracy: White = 21%, Black = 36%.} 0-1

[Event "European Blitz-ch 2018"]
[Site "Skopje"]
[Date "2018.12.06"]
[Round "1"]
[White "Nowicki, Bartosz"]
[Black "Banikas, Hristos"]
[Result "0-1"]
[WhiteElo "2305"]
[BlackElo "2601"]
[Annotator "TA"]
[PlyCount "64"]
[EventDate "2018.12.06"]
[EventType "swiss"]
[EventCountry "MKD"]

{[%evp 21,64,0,0,0,0,18,27,-10,-2,0,-14,-18,12,-11,0,0,0,0,13,-43,-41,-34,18,-39,-29,-39,-34,-202,-193,-206,-184,-266,-268,-352,-343,-455,-466,-527,-522,-941,-933,-1280,-1231,-1186,-1166]} 1. e4 c5 2. Nf3 d6 3. d4 cxd4 4. Nxd4 Nf6 5. Nc3 a6 6. Bg5 e6 7. f4 h6 8. Bh4 Qb6 9. a3 Nbd7 {B96: Sicilian Najdorf: 6 Bg5 e6 7 f4, lines other than 7...Qb6 and 7...Be7} (9... Be7 10. Bf2 Qc7 11. Qf3 Nbd7 12. O-O-O b5 13. g4 Bb7 14. h4 Nc5 15. Bd3 h5 16. g5 Ng4 17. Rhg1 {½-½ (25) Grischuk,A (2766)-Vachier Lagrave,M (2779) Saint Louis 2018}) 10. Bf2 Qc7 11. Be2 b5 {LiveBook: 3 Games. The position is equal.} 12. Bf3 Bb7 13. Qe2 Rc8 14. O-O Be7 15. Rae1 O-O 16. g4 $146 ({Predecessor:} 16. e5 Bxf3 17. gxf3 {0-1 (33) Igonin,T (2109)-De Filomeno,S (2431) Al Ain 2013}) 16... Nc5 17. h4 e5 18. fxe5 dxe5 19. Nf5 Ne6 20. Bg3 (20. Nd5 $11 Nxd5 21. exd5) 20... Bc5+ $15 21. Kh1 $1 Rfe8 {[#]} (21... Nd4 $15 22. Qg2 Nxf5 23. exf5 Bxf3 24. Qxf3 Bd4) 22. Qd2 (22. g5 $1 $11 {[%mdl 512]} hxg5 23. hxg5 Nxg5 24. Qg2) 22... Nf4 $36 {[%mdl 2048] Black has the initiative.} 23. Bxf4 exf4 24. g5 $2 ({White should play} 24. Nd5 $15 Nxd5 25. exd5) 24... hxg5 $19 25. hxg5 Nh7 26. Qg2 (26. Nd5 {might work better.} Qe5 27. Nxf4) 26... g6 27. Nh6+ {[#]} Kg7 $1 28. Nd5 Qe5 {White must now prevent ...Bxd5.Black is clearly winning.} 29. Qg4 Qxg5 30. Qxg5 Nxg5 31. Ng4 Nxf3 32. Rxf3 Bxd5 {[%mdl 64] Pin. Accuracy: White = 35%, Black = 66%.} 0-1

[Event "European Blitz-ch 2018"]
[Site "Skopje"]
[Date "2018.12.06"]
[Round "1"]
[White "Styazhkina, Anna"]
[Black "Bosiocic, Marin"]
[Result "0-1"]
[WhiteElo "2274"]
[BlackElo "2599"]
[Annotator "TA"]
[PlyCount "86"]
[EventDate "2018.12.06"]
[EventType "swiss"]
[EventCountry "MKD"]
[SourceTitle "playchess.com"]
[Source "ChessBase"]
[SourceQuality "1"]

{[%evp 13,86,0,0,0,23,-13,-8,-28,-10,-44,-37,-51,-31,-31,-21,-22,-22,-135,0,0,0,0,-11,-27,-48,-49,-39,-48,-43,-57,-14,-176,-176,-166,-169,-364,-352,-356,-356,-357,-347,-357,-351,-399,-369,-504,-488,-659,-620,-606,-576,-983,-1006,-1283,-1229,-1047,-215,-197,-206,-304,-191,-489,-448,-642,-385,-461,-450,-443,-256,-821,-825,-787,-724,-5289,-4902]} 1. e4 e5 2. Nf3 Nc6 3. Bc4 Bc5 4. c3 Nf6 5. d3 d6 {[%cal Bd7d6,Bd6d5,Bd5d4][%mdl 32]} 6. Nbd2 O-O 7. Bb3 a5 {LiveBook: 8 Games. C54: Giuoco Piano: 4 c3 Nf6, main lines with 5 d4 and 5 d3} 8. a4 (8. Nf1 Be6 9. Ng3 h6 10. O-O Bxb3 11. axb3 d5 12. Qe2 Re8 13. Bd2 Bf8 14. Rfd1 {0-1 (96) Mamedov,R (2699)-Shankland,S (2722) Batumi 2018}) 8... Be6 9. Bc2 d5 {The position is equal.} 10. Qe2 d4 $146 ({Predecessor:} 10... dxe4 11. dxe4 Qe7 12. h3 Nd7 13. Nc4 f6 14. Be3 Qf7 15. Nfd2 Bxe3 16. Nxe3 {0-1 (62) Andrade,R (1689)-Romano,L (2030) Famalicao 2015}) 11. Nf1 h6 12. Ng3 Qd7 13. O-O Rad8 14. h3 Bb6 15. Nh4 {[#]} (15. Bd2 $11 {keeps the balance.}) 15... Ne7 ({Black should play} 15... Bxh3 $1 $17 {[%mdl 512] Black wants to play ...Bg4.} 16. gxh3 Qxh3) 16. Qf3 $11 Nh7 17. Nhf5 Nxf5 18. exf5 Bd5 19. Ne4 Qc6 20. Bd2 Nf6 21. Rfe1 Kh8 22. Qg3 $2 (22. Rac1 $11 {and White has nothing to worry.}) 22... Bxe4 $1 $19 23. dxe4 {[#]} d3 $1 $36 {[%cal Rd3c2][%mdl 2560] Black is on the roll.} 24. Bb3 $2 (24. Bxd3 {only move.} Qd6 25. Bxh6 gxh6 26. Rad1) 24... Nxe4 25. Rxe4 Qxe4 26. f6 gxf6 27. Re1 Qg6 {And now ...Qxg3 would win.} 28. Qf3 Rde8 29. Bd5 {[#]} f5 $1 30. Bxb7 e4 31. Qf4 Rg8 {[%csl Gg8][%cal Rg6g2]} 32. g4 fxg4 33. Bxe4 {[#]} Rxe4 $1 34. Qxe4 (34. Rxe4 gxh3+) 34... gxh3+ $2 (34... g3 35. Qxg6 gxf2+ 36. Kf1 fxe1=Q+ 37. Kxe1 Rxg6) 35. Qxg6 Rxg6+ {[%mdl 4096] Endgame KRB-KRB} 36. Kh1 (36. Kh2 {was the only chance.}) 36... Bxf2 37. Re8+ $2 (37. Rd1) 37... Kg7 38. Rd8 (38. Kh2 $142 Rg3 39. c4) 38... Rg1+ 39. Kh2 Rd1 40. Bf4 Be1 (40... Kf6 $142 {...Kf5 is the strong threat.} 41. Kxh3 Bb6) 41. Bxc7 $2 (41. Kxh3 d2 42. Kg4) 41... d2 {Black is clearly winning.} 42. Be5+ Kg6 43. Rg8+ Kf5 {Accuracy: White = 25%, Black = 60%.} 0-1